000 00562nam a2200181Ia 4500
003 GCL
008 140319s9999 xx 000 0 ara d
040 _aGCL /
_cGCL
082 0 4 _aق
_b962.034
_bن ن
100 1 _aنجيب مخلوف
245 1 0 _aنوبار باشا : وما تم على يده /
_cنجيب مخلوف
300 _a221 ص
490 _a
650 0 4 _aالسياسيون - تراجم
650 0 4 _aنوبار باشا
650 0 4 _aمصر - تاريخ - العصر الحديث - عصر اسماعيل ( 1863-1879 م )
942 _2ddc
_cBK
999 _c45760
_d45760